000 00420nam a2200145Ia 4500
008 231129s1997||||xx |||||||||||||| ||spa||
020 _a958-18-0150-2
040 _bspa
082 _a701.18 G463c
100 _aGil Tovar Francisco
245 0 _aColombia en las artes
260 _c1997
264 _aPresidencia de la República ; Imprenta Nacional de Colombia
942 _2ddc
_cBKS
999 _c7326
_d7326